000 00496nam a22001577a 4500
005 20251108165323.0
008 250721s1947 xx 000 0 ara d
082 1 4 _a634.63/طاه
100 1 _aالطاهر، علي نصوح
245 1 0 _aشجرة الزيتون :
_bتاريخها - زراعتها - أمراضها - صناعاتها /
264 1 _aعمان :
_bمطبعة الأردن،
_c1947.
300 _a645ص : مص
650 1 7 _aالزيتون
942 _2ddc
_cBK
999 _c25010
_d25010